| 000 | 00000cas 2200000zi 4500 |
| 001 | 9.931899 |
| 003 | CaOODSP |
| 005 | 20251222141700 |
| 006 | m o d f |
| 007 | cr cn |||||||| |
| 008 | 240102c20239999bccar p o f0 a0eng|d |
| 022 | |a2818-9922 |
| 040 | |aCaOODSP|beng|erda|cCaOODSP |
| 043 | |an-cn---|an-cn-bc |
| 086 | 1 |aIu97-1/9E-PDF |
| 110 | 1 |aCanada. |bPacific Economic Development Canada, |eauthor, |eissuing body. |
| 222 | 0|aAccessibility plan, annual progress report |b(Canada. Pacific Economic Development Canada) |
| 245 | 10|aAccessibility plan, annual progress report / |cPacifiCan. |
| 264 | 1|aVancouver, BC : |bPacific Economic Development Canada = Développement économique Canada pour le Pacifique, |c[2023]- |
| 310 | |aAnnual |
| 336 | |atext|btxt|2rdacontent |
| 337 | |acomputer|bc|2rdamedia |
| 338 | |aonline|bcr|2rdacarrier |
| 362 | 1 |aBegan with: December 2023. |
| 500 | |aIssued also in French under title: Plan sur l'accessibilité, rapport d'avancement annuel. |
| 588 | |aDescription based on: December 2023. |
| 588 | |aLatest issue consulted: December 2024. |
| 610 | 10|aCanada. |bPacific Economic Development Canada|xPlanning|vPeriodicals. |
| 650 | 0|aBarrier-free design|zCanada|xPlanning|vPeriodicals. |
| 650 | 0|aBarrier-free design|zBritish Columbia|xPlanning|vPeriodicals. |
| 650 | 0|aPeople with disabilities|xGovernment policy|zCanada|vPeriodicals. |
| 650 | 0|aPeople with disabilities|xGovernment policy|zBritish Columbia|vPeriodicals. |
| 655 | 7|aPeriodicals|2lcgft |
| 775 | 08|tPlan sur l'accessibilité, rapport d'avancement annuel / |w(CaOODSP)9.931900 |